Bámul és családja

Elmentve itt :
Bibliográfiai részletek
Szerző: Horger Antal
Dokumentumtípus: Cikk
Megjelent: 1934
Sorozat:Népünk és nyelvünk 6
Kulcsszavak:Nyelvtudomány
Online Access:http://acta.bibl.u-szeged.hu/19892
LEADER 00537nab a2200169 i 4500
001 acta19892
005 20210712093929.0
008 161015s1934 hu o 0|| hun d
040 |a SZTE Egyetemi Kiadványok Repozitórium  |b hun 
041 |a hun 
100 1 |a Horger Antal 
245 1 0 |a Bámul és családja  |h [elektronikus dokumentum] /  |c  Horger Antal 
260 |c 1934 
300 |a 196-199 
490 0 |a Népünk és nyelvünk  |v 6 
695 |a Nyelvtudomány 
856 4 0 |u http://acta.bibl.u-szeged.hu/19892/1/nepunk_006_196-199.pdf  |z Dokumentum-elérés